<?xml version="1.0" encoding="UTF-8"?><?xml-stylesheet type="text/xsl" href="static/style.xsl"?><OAI-PMH xmlns="http://www.openarchives.org/OAI/2.0/" xmlns:xsi="http://www.w3.org/2001/XMLSchema-instance" xsi:schemaLocation="http://www.openarchives.org/OAI/2.0/ http://www.openarchives.org/OAI/2.0/OAI-PMH.xsd"><responseDate>2026-06-02T10:59:15Z</responseDate><request verb="GetRecord" identifier="oai:riuma.uma.es:10630/45078" metadataPrefix="marc">https://riuma.uma.es/rest/oai/request</request><GetRecord><record><header><identifier>oai:riuma.uma.es:10630/45078</identifier><datestamp>2026-03-11T07:35:55Z</datestamp><setSpec>com_10630_2254</setSpec><setSpec>col_10630_37960</setSpec></header><metadata><record xmlns="http://www.loc.gov/MARC21/slim" xmlns:dcterms="http://purl.org/dc/terms/" xmlns:doc="http://www.lyncode.com/xoai" xmlns:xsi="http://www.w3.org/2001/XMLSchema-instance" xsi:schemaLocation="http://www.loc.gov/MARC21/slim http://www.loc.gov/standards/marcxml/schema/MARC21slim.xsd">
   <leader>00925njm 22002777a 4500</leader>
   <datafield ind2=" " ind1=" " tag="042">
      <subfield code="a">dc</subfield>
   </datafield>
   <datafield ind2=" " ind1=" " tag="720">
      <subfield code="a">Lara-Muñoz, José Pablo</subfield>
      <subfield code="e">author</subfield>
   </datafield>
   <datafield ind2=" " ind1=" " tag="720">
      <subfield code="a">Blanco-Reina, Encarnación</subfield>
      <subfield code="e">author</subfield>
   </datafield>
   <datafield ind2=" " ind1=" " tag="720">
      <subfield code="a">Barbancho-Fernández, Miguel Ángel</subfield>
      <subfield code="e">author</subfield>
   </datafield>
   <datafield ind2=" " ind1=" " tag="260">
      <subfield code="c">2026-02</subfield>
   </datafield>
   <datafield ind2=" " ind1=" " tag="520">
      <subfield code="a">El estrés es necesario no solo para nuestra supervivencia sino también para nuestro desarrollo y crecimiento personal. Es un aliado indispensable para alcanzar nuestros objetivos a corto, medio y largo plazo. Si pensamos en las actuaciones de nuestra vida que nos han producido más alegría, seguramente las habremos alcanzado tras muchas dificultades, dedicación y esfuerzo, es decir, tras muchas situaciones estresantes.
Vivimos en una sociedad estresada, quizá la más estresada de la historia. Y ese estrés puede conducir o no -depende también de nosotros- a un trastorno de ansiedad. En un mundo que avanza a un ritmo vertiginoso (tendríamos que preguntarnos hacia dónde), es natural que nos sintamos abrumados -incluso superados- por las exigencias diarias. El estrés y la ansiedad se han convertido en compañeros frecuentes en nuestras vidas, pudiendo afectar a nuestro bienestar emocional, salud, y relaciones personales.
Perseguir una vida “sin estrés” puede tener como consecuencia que sea aún mayor. Nos interesa mucho potenciar su enfoque positivo, aunque no siempre podremos superar los desafíos y retos a los que nos enfrentamos. Ese enfoque es muy importante: podemos ver las situaciones estresantes como un reto que podemos afrontar para mejorar o como un obstáculo abrumador e insalvable que nos agobia.</subfield>
   </datafield>
   <datafield ind1="8" ind2=" " tag="024">
      <subfield code="a">https://hdl.handle.net/10630/45078</subfield>
   </datafield>
   <datafield tag="653" ind2=" " ind1=" ">
      <subfield code="a">Estrés (Psicología)</subfield>
   </datafield>
   <datafield ind2="0" ind1="0" tag="245">
      <subfield code="a">Cuadernos de divulgación Cátedra ASISA de Salud Cerebral y Cognitiva (5): Luces y sombras del estrés.</subfield>
   </datafield>
</record>
</metadata></record></GetRecord></OAI-PMH>